000
00302nam a2200133Ia 4500
005
20251222155143.0
008
251222s9999||||xx |||||||||||||| ||spa||
082
_a
MAN.98
100
_a
DOMINGUEZ José.
245
0
_a
Microsoft OFFICE 2000
250
_a
1ra. ed.
264
_b
Poliflex
942
_c
LIB
999
_c
39265
_d
39265